Biodiversity loss & conservation in fragmented forest landscapes

Bibliographic Details
Main Author: Newton, Adrian C
Format: Book
Published: UK : Biddles Ltd. , 2007
Subjects:

MARC

LEADER 00000cam a2200000 7i4500
001 0000003756
005 20110523.0
020 0 0 |a 9781845932619 
090 0 0 |a 577.3098   |b NEWT 2007 
100 1 0 |a Newton, Adrian C 
245 0 0 |a Biodiversity loss & conservation in fragmented forest landscapes   |c edited by Newton, Adrian C. 
260 0 0 |a UK :   |b Biddles Ltd. ,   |c 2007 
300 |a 415 p. :   |b ill. ;   |c 25 cm. 
500 0 0 |a Includes index 
650 0 0 |a Forest biodiversity---Latin America 
650 0 0 |a Forset biodiversity conservation---Latin America 
650 0 0 |a Rain forest conservation---Latin America 
650 0 0 |a Rain forests---Latin America 
999 |a 007607   |b Monograph   |c Open Shelf   |e Default branch